000 00655pam a22002297a 4500
008
020 _a0521639239 (pbk.)
049 _aMAIN
090 _aQH308.7
_bGRE
100 1 _aTaylor, D.J.
245 1 0 _aBiological science /
_cN. P. O. Green and G. W. Stout and D. J. Taylor.
260 _aCambridge. :
_bCambridge University Press,
_c1997.
300 _aviii, 984 p. :
_bill. ;
_c29cm.
650 0 _aBiology.
700 1 _aStout, G. W.
700 1 _aGreen, N.P.O.
907 _a.b10178788
_b17-05-10
_c06-10-05
003
005 20230123134123.0
040 _cNUST
942 _cBOOKS
_kQH308.7
_mGRE
999 _c160386
_d160386